Teoría del curriculum y escolarización
Bewaard in:
| Hoofdauteur: | |
|---|---|
| Formaat: | Boek |
| Taal: | Spaans |
| Gepubliceerd in: |
Madrid
Morata
1992
|
| Reeks: | Colección Pedagogía. La Pedagogía Hoy
|
| Onderwerpen: | |
| Tags: |
Voeg label toe
Geen labels, Wees de eerste die dit record labelt!
|
MARC
| LEADER | 00000nam a2200000 a 4500 | ||
|---|---|---|---|
| 001 | UCU3011 | ||
| 003 | CL-VaPUC | ||
| 008 | 960502e19920000SP |||||||||||||||||spa|d | ||
| 082 | 0 | 4 | |a 375 |b LUN |2 21 |
| 100 | |a Lundgren, Ulf P. |e autor |9 359657 | ||
| 245 | 1 | 0 | |a Teoría del curriculum y escolarización |
| 300 | |a 127 p | ||
| 942 | |c BK | ||
| 945 | |d 19960502 00:00:00 |a rbrito | ||
| 260 | |a Madrid |b Morata |c 1992 | ||
| 650 | 0 | |a Currículo |9 307290 | |
| 650 | 0 | |a Historia |9 255047 | |
| 650 | 0 | |a Educación básica |9 224933 | |
| 583 | |a last modification |c 19960502 00:00:00 |k Rodrigo Vera | ||
| 490 | 0 | |a Colección Pedagogía. La Pedagogía Hoy | |
| 999 | |c 247151 |d 247149 | ||
| 952 | |0 0 |1 0 |4 0 |6 375_000000000000000_LUN_1992 |7 0 |8 A |9 262794 |a BIBEDU |b BIBEDU |d 2019-11-19 |i 3195902 |o 375 LUN 1992 |p 3195902 |r 2019-11-19 |w 2019-11-19 |y BK |k EDU | ||